01015nam a22002177a 4500999001700000003000400017008004100021020001800062082001700080100001700097245004800114250001900162260002900181300000800210650002500218700003700243942001200280952016900292952016800461952016800629 c11042d11042OSt201119b ||||| |||| 00| 0 eng d a9789352868599 a004.678bDEI aDEITEL, Paul aInternet and World Wide Web: How to Program a7th Imp 5th Ed aNew DelhibPearsonc2021 a962 aBachelor of Commerce aDEITEL, Harvey and DEITEL, Abbey 2ddccBK 00102ddc40708BCOMaPIETNCRbPIETNCRd2021-12-23eKirti PrakashanfIN Rupeesg989.00kIN3161l0o004.678 DEIpN2053r2021-12-28 00:00:00v672.52w2021-12-23yREF 00102ddc40708BCOMaPIETNCRbPIETNCRd2021-12-23eKirti PrakashanfIN Rupeesg989.00kIN3161l0o004.678 DEIpN2054r2021-12-28 00:00:00v672.52w2021-12-23yBK 00102ddc40708BCOMaPIETNCRbPIETNCRd2021-12-23eKirti PrakashanfIN Rupeesg989.00kIN3161l0o004.678 DEIpN2055r2021-12-28 00:00:00v672.52w2021-12-23yBK